[Event "Moscow Aeroflot op-A"]
[Site "Moscow"]
[Date "2025.03.06"]
[Round "9"]
[White "Shturman, Arseniy"]
[Black "Truskavetsky, Alexandr"]
[Result "0-1"]
[WhiteElo "2366"]
[BlackElo "2339"]
[PlyCount "76"]
[EventDate "2025.03.01"]
[EventType "swiss"]
[EventRounds "9"]
[EventCountry "RUS"]
[SourceTitle "CB11_2025"]
[SourceDate "2025.03.12"]
[SourceVersion "1"]
[SourceVersionDate "2025.03.12"]
[SourceQuality "1"]

1. e4 c5 2. Nf3 d6 3. d4 cxd4 4. Nxd4 Nf6 5. Nc3 Nc6 6. Bg5 e6 7. Qd3 Be7 8. 0-0-0 0-0 9. h4 Nxd4 10. Qxd4 e5 11. Qd2 Be6 12. Kb1 Rc8 13. f3 a6 14. g4 Ne8 15. Be3 b5 16. g5 Qd7 17. Nd5 Bd8 18. Be2 f5 19. Rc1 Qb7 20. c4 fxe4 21. fxe4 Nc7 22. Nb6 Rb8 23. Qc2 bxc4 24. Bxc4 Rf3 25. Bxe6+ Nxe6 26. Nd5 Nc7 27. Nxc7 Rxe3 28. Nd5 Rxe4 29. Rcd1 Rd4 30. Rxd4 exd4 31. Qe2 Bxg5 32. Qe6+ Kh8 33. b3 Bf4 34. h5 d3 35. Rd1 Qc6 36. Nxf4 Qc2+ 37. Ka1 Qxd1+ 38. Kb2 Qd2+ 0-1

[Event "Moscow Aeroflot op-A"]
[Site "Moscow"]
[Date "2025.03.03"]
[Round "4"]
[White "Truskavetsky, Alexandr"]
[Black "Faizrakhmanov, Ramil"]
[Result "1-0"]
[WhiteElo "2339"]
[BlackElo "2420"]
[PlyCount "95"]
[EventDate "2025.03.01"]
[EventType "swiss"]
[EventRounds "9"]
[EventCountry "RUS"]
[SourceTitle "CB11_2025"]
[SourceDate "2025.03.12"]
[SourceVersion "1"]
[SourceVersionDate "2025.03.12"]
[SourceQuality "1"]

1. c4 e5 2. Nc3 Nf6 3. Nf3 Nc6 4. g3 d5 5. cxd5 Nxd5 6. Bg2 Nb6 7. 0-0 Be7 8. b3 Be6 9. Bb2 Qd7 10. d4 exd4 11. Nb5 0-0-0 12. Nfxd4 Nxd4 13. Nxd4 Bh3 14. Bxh3 Qxh3 15. Qc2 Rd5 16. Rac1 Qd7 17. e4 Rc5 18. Qe2 Re8 19. Nf5 Rxf5 20. exf5 Bg5 21. Qh5 Bxc1 22. Rxc1 g6 23. fxg6 hxg6 24. Qc5 Qe7 25. Qxe7 Rxe7 26. Kf1 Nd5 27. h4 Re6 28. Rc4 f5 29. Rd4 c6 30. f3 Kd7 31. Kf2 Kd6 32. g4 fxg4 33. fxg4 c5 34. Rd2 b5 35. Bg7 Re4 36. h5 gxh5 37. gxh5 Ke6 38. h6 Nf6 39. Kf3 Rh4 40. Re2+ Kf5 41. Re7 Ng8 42. Re5+ Kg6 43. Rxc5 Rh3+ 44. Ke4 Rh2 45. Rc6+ Kh7 46. Ra6 Rc2 47. Rxa7 Nxh6 48. Bf8+ 1-0

[Event "Titled Tuesday intern op 14th Jan Early"]
[Site "Chess.com INT"]
[Date "2025.01.14"]
[Round "6"]
[White "Korol, Dimitry"]
[Black "Truskavetsky, Alexandr"]
[Result "0-1"]
[WhiteElo "2287"]
[BlackElo "2339"]
[PlyCount "110"]
[EventDate "2025.01.14"]
[EventType "swiss (blitz)"]
[EventRounds "11"]
[EventCountry "USA"]
[SourceTitle "CB04_2025"]
[SourceDate "2025.01.22"]
[SourceVersion "1"]
[SourceVersionDate "2025.01.22"]
[SourceQuality "1"]

1. d4 Nf6 2. c4 g6 3. Nc3 Bg7 4. e4 d6 5. Nf3 0-0 6. Be2 Nc6 7. d5 Nb8 8. 0-0 e5 9. Ne1 a5 10. Nd3 Nfd7 11. f4 exf4 12. Bxf4 Na6 13. Qd2 Nac5 14. Rae1 Nxd3 15. Bxd3 Ne5 16. h3 b6 17. Bg5 f6 18. Bh4 Ba6 19. b3 a4 20. Nxa4 Bxc4 21. Bxc4 Nxc4 22. Qc2 Ne5 23. Nc3 Qd7 24. a4 Rac8 25. Nb5 Rf7 26. Kh2 c6 27. dxc6 Rxc6 28. Qd2 Qc8 29. Re2 g5 30. Bg3 Bf8 31. Ref2 Kg7 32. Bxe5 dxe5 33. Qe2 Be7 34. Qh5 Rf8 35. Rf3 Qe8 36. Qg4 Qc8 37. Qg3 Qe6 38. Nc3 Rf7 39. Nd5 Bd8 40. Ne3 h6 41. Nf5+ Kh7 42. Qg4 Kg6 43. Qg3 h5 44. Nh4+ Kh7 45. Nf5 Rf8 46. Rd3 Be7 47. Qf3 Qf7 48. Ng3 h4 49. Nf5 Bc5 50. Rfd1 Rc7 51. Qg4 Rh8 52. Rd5 Kg6 53. R5d3 Kh7 54. Kh1 Qe6 55. Rd5 Kg6 0-1

[Event "Titled Tuesday intern op 14th Jan Early"]
[Site "Chess.com INT"]
[Date "2025.01.14"]
[Round "3"]
[White "Lau, Lut Yin Luke"]
[Black "Truskavetsky, Alexandr"]
[Result "0-1"]
[WhiteElo "2240"]
[BlackElo "2339"]
[PlyCount "82"]
[EventDate "2025.01.14"]
[EventType "swiss (blitz)"]
[EventRounds "11"]
[EventCountry "USA"]
[SourceTitle "CB04_2025"]
[SourceDate "2025.01.22"]
[SourceVersion "1"]
[SourceVersionDate "2025.01.22"]
[SourceQuality "1"]

1. c4 Nf6 2. g3 g6 3. Bg2 Bg7 4. Nf3 0-0 5. 0-0 d6 6. b3 Ne4 7. d4 c5 8. Bb2 Nc6 9. e3 Bg4 10. Nbd2 Nxd2 11. Qxd2 Bxf3 12. Bxf3 cxd4 13. exd4 Qb6 14. Rad1 Rac8 15. Rfe1 e5 16. Bxc6 Qxc6 17. dxe5 dxe5 18. Bxe5 a6 19. Qf4 Rfe8 20. Bxg7 Kxg7 21. Qd4+ Kg8 22. h4 h5 23. Re3 Rxe3 24. Qxe3 Re8 25. Qd3 b5 26. cxb5 axb5 27. Kh2 Qc5 28. Rd2 Ra8 29. Kg2 Qb6 30. Qf3 Ra7 31. Qf4 Qc6+ 32. Kh2 Ra8 33. Rd6 Qc7 34. Qd4 Qa5 35. a4 bxa4 36. bxa4 Re8 37. Rd7 Qf5 38. Rd5 Qf3 39. a5 Kh7 40. Qd2 Re2 41. Rd3 Qxf2+ 0-1

[Event "Titled Tuesday intern op 14th Jan Early"]
[Site "Chess.com INT"]
[Date "2025.01.14"]
[Round "9"]
[White "Napoli, Nicolo"]
[Black "Truskavetsky, Alexandr"]
[Result "1/2-1/2"]
[WhiteElo "2228"]
[BlackElo "2339"]
[PlyCount "143"]
[EventDate "2025.01.14"]
[EventType "swiss (blitz)"]
[EventRounds "11"]
[EventCountry "USA"]
[SourceTitle "CB04_2025"]
[SourceDate "2025.01.22"]
[SourceVersion "1"]
[SourceVersionDate "2025.01.22"]
[SourceQuality "1"]

1. d4 Nf6 2. Nc3 g6 3. e4 d6 4. f4 Bg7 5. e5 Nfd7 6. Nf3 0-0 7. h4 c5 8. dxc5 dxe5 9. h5 Nxc5 10. Qxd8 Rxd8 11. hxg6 hxg6 12. Nxe5 Nc6 13. Nxc6 bxc6 14. Be3 Ne6 15. Bd3 Rb8 16. 0-0-0 Nd4 17. Bc4 Bg4 18. Rd2 Nf5 19. Bxa7 Rxd2 20. Kxd2 Rxb2 21. Bc5 Rb8 22. Bd3 Ra8 23. a3 Bd4 24. Bb4 c5 25. Bxf5 Bxf5 26. Ne2 Bf2 27. Bc3 Rxa3 28. Rf1 Bh4 29. Rb1 Bf6 30. Rb8+ Kg7 31. Bxf6+ exf6 32. Rb5 c4 33. Rc5 Ra4 34. Nd4 Be4 35. g3 f5 36. Ne2 Rb4 37. Nc3 Kh6 38. Nxe4 fxe4 39. g4 f6 40. Ke3 Rb1 41. g5+ fxg5 42. fxg5+ Kh5 43. Kxe4 Re1+ 44. Kd4 Re2 45. c3 Re7 46. Kxc4 Kg4 47. Kb5 Kf4 48. c4 Rg7 49. Rd5 Ke4 50. Kc5 Rc7+ 51. Kb4 Rb7+ 52. Rb5 Rc7 53. Rb6 Kf5 54. Rb5+ Kf4 55. Kc3 Re7 56. Kd4 Re1 57. Kd5 Kxg5 58. c5 Kf6 59. Rb6+ Kf5 60. Rb8 Rd1+ 61. Kc4 g5 62. Rf8+ Ke4 63. Re8+ Kf3 64. Rf8+ Kg3 65. c6 g4 66. Kc5 Rc1+ 67. Kb6 Rb1+ 68. Ka7 Ra1+ 69. Kb6 Rb1+ 70. Ka7 Rc1 71. Kb7 Rb1+ 72. Ka7 1/2-1/2

[Event "Titled Tuesday intern op 14th Jan Early"]
[Site "Chess.com INT"]
[Date "2025.01.14"]
[Round "2"]
[White "Truskavetsky, Alexandr"]
[Black "Daskevics, Vadims"]
[Result "1-0"]
[WhiteElo "2339"]
[BlackElo "2445"]
[PlyCount "43"]
[EventDate "2025.01.14"]
[EventType "swiss (blitz)"]
[EventRounds "11"]
[EventCountry "USA"]
[SourceTitle "CB04_2025"]
[SourceDate "2025.01.22"]
[SourceVersion "1"]
[SourceVersionDate "2025.01.22"]
[SourceQuality "1"]

1. d4 Nf6 2. c4 e6 3. Nc3 Bb4 4. e3 0-0 5. Bd3 d5 6. a3 Bxc3+ 7. bxc3 c5 8. cxd5 exd5 9. Ne2 b6 10. 0-0 Nc6 11. f3 Re8 12. g4 h6 13. Ng3 Bb7 14. Ra2 Qd7 15. h4 Qd6 16. Nf5 Qc7 17. Rg2 Ne7 18. g5 Nxf5 19. gxf6 Nxe3 20. Rxg7+ Kf8 21. Bh7 Qg3+ 22. Rxg3 1-0

[Event "Titled Tuesday intern op 14th Jan Early"]
[Site "Chess.com INT"]
[Date "2025.01.14"]
[Round "8"]
[White "Truskavetsky, Alexandr"]
[Black "Herrera, Juan Sebastian"]
[Result "1-0"]
[WhiteElo "2339"]
[BlackElo "2214"]
[PlyCount "117"]
[EventDate "2025.01.14"]
[EventType "swiss (blitz)"]
[EventRounds "11"]
[EventCountry "USA"]
[SourceTitle "CB04_2025"]
[SourceDate "2025.01.22"]
[SourceVersion "1"]
[SourceVersionDate "2025.01.22"]
[SourceQuality "1"]

1. d4 g6 2. e4 Bg7 3. f4 d5 4. e5 c5 5. dxc5 Qa5+ 6. Nc3 e6 7. Be3 Ne7 8. a3 Nf5 9. Bf2 Nc6 10. b4 Nxb4 11. axb4 Qxb4 12. Qd2 0-0 13. Ra4 Qb2 14. Ra2 Qb4 15. Nge2 g5 16. Ra4 Qb2 17. Nd1 Qb5 18. Ndc3 Qb2 19. g4 d4 20. Nd1 Qb5 21. Ra5 Qc6 22. Rg1 Nh4 23. Bxh4 gxh4 24. Nxd4 Qe4+ 25. Qe3 Qd5 26. Bg2 Qd8 27. Rb5 a6 28. Rb3 Qc7 29. c6 bxc6 30. Nxc6 Kh8 31. Nc3 Bb7 32. Qb6 Qxb6 33. Rxb6 Bxc6 34. Rxc6 Ra7 35. Ke2 f6 36. exf6 Bxf6 37. Ne4 Bg7 38. Rf1 Re8 39. f5 exf5 40. gxf5 a5 41. f6 Bf8 42. f7 Ree7 43. Rc8 Kg7 44. Bf3 a4 45. Rg1+ Kxf7 46. Bh5+ Ke6 47. Rxf8 a3 48. Ke3 a2 49. Ra1 Ra3+ 50. c3 Kd5 51. Bf7+ Ke5 52. Rxa2 Rxa2 53. Bxa2 Ra7 54. Re8+ Kf5 55. Be6+ Kg6 56. Rg8+ Kh6 57. Nd6 Ra6 58. Nf7+ Kh5 59. Bg4# 1-0

[Event "Titled Tuesday intern op 14th Jan Early"]
[Site "Chess.com INT"]
[Date "2025.01.14"]
[Round "7"]
[White "Truskavetsky, Alexandr"]
[Black "Scheftlein, Richard"]
[Result "0-1"]
[WhiteElo "2339"]
[BlackElo "2328"]
[PlyCount "64"]
[EventDate "2025.01.14"]
[EventType "swiss (blitz)"]
[EventRounds "11"]
[EventCountry "USA"]
[SourceTitle "CB04_2025"]
[SourceDate "2025.01.22"]
[SourceVersion "1"]
[SourceVersionDate "2025.01.22"]
[SourceQuality "1"]

1. d4 Nf6 2. c4 e6 3. Nc3 Bb4 4. e3 0-0 5. Bd3 d5 6. a3 Bxc3+ 7. bxc3 dxc4 8. Bxc4 c5 9. Nf3 Qc7 10. Be2 b6 11. 0-0 Bb7 12. Bb2 Nc6 13. Rc1 Rfd8 14. Qb3 Ng4 15. g3 e5 16. Qc2 Qe7 17. h3 e4 18. Nd2 Nf6 19. Rfd1 Rac8 20. Qb1 h5 21. dxc5 Qxc5 22. c4 Ne5 23. Nb3 Qe7 24. Nd4 Nf3+ 25. Nxf3 exf3 26. Bd3 Ne4 27. Bd4 Nxg3 28. fxg3 Rxd4 29. Bh7+ Kh8 30. exd4 Qe3+ 31. Kf1 Qe2+ 32. Kg1 Qg2# 0-1

[Event "RUS Cup tt"]
[Site "Sochi"]
[Date "2024.11.28"]
[Round "2.4"]
[White "Truskavetsky, Alexandr"]
[Black "Ponkratov, Pavel"]
[Result "0-1"]
[WhiteElo "2338"]
[BlackElo "2562"]
[PlyCount "60"]
[EventDate "2024.11.27"]
[EventType "team-swiss"]
[EventRounds "7"]
[EventCountry "RUS"]
[SourceTitle "CB50_2024"]
[SourceDate "2024.11.01"]
[SourceVersion "1"]
[SourceVersionDate "2024.11.01"]
[SourceQuality "2"]
[WhiteTeam "Kimmeriya"]
[BlackTeam "KPRF Club"]
[WhiteTeamCountry "RUS"]
[BlackTeamCountry "RUS"]

1. Nf3 Nf6 2. c4 e6 3. Nc3 c5 4. e3 d5 5. cxd5 exd5 6. d4 Nc6 7. Bb5 Bd6 8. dxc5 Bxc5 9. 0-0 0-0 10. b3 Bg4 11. Bxc6 bxc6 12. h3 Bh5 13. Bb2 Bd6 14. Ne2 Re8 15. Nf4 Bxf4 16. exf4 Bxf3 17. Qxf3 Ne4 18. Rfd1 Qb6 19. Rd4 a5 20. Rad1 a4 21. b4 a3 22. Ba1 f6 23. g4 Qb5 24. Kg2 Nd6 25. Rc1 Ra6 26. Rd3 Nc4 27. g5 f5 28. Rd4 Ra7 29. Qd3 Rae7 30. Qxf5 Ne3+ 0-1

[Event "RUS-ch Rapid"]
[Site "Sochi"]
[Date "2024.10.16"]
[Round "6"]
[White "Lobanov, Sergei"]
[Black "Truskavetsky, Alexandr"]
[Result "1/2-1/2"]
[WhiteElo "2506"]
[BlackElo "2338"]
[PlyCount "114"]
[EventDate "2024.10.15"]
[EventType "swiss (rapid)"]
[EventRounds "11"]
[EventCountry "RUS"]
[SourceTitle "CB43_2024"]
[Source "Chessbase"]
[SourceDate "2024.10.23"]
[SourceVersion "1"]
[SourceVersionDate "2024.10.23"]
[SourceQuality "1"]

1. e4 c5 2. Nf3 d6 3. Bb5+ Bd7 4. c4 Nf6 5. Nc3 g6 6. 0-0 Bg7 7. Bxd7+ Nbxd7 8. d4 cxd4 9. Nxd4 Qa5 10. Qe2 Rc8 11. Be3 0-0 12. Rfc1 a6 13. h3 Rfe8 14. Rab1 e6 15. Nf3 Ne5 16. Nxe5 Qxe5 17. Qd3 Nd7 18. Rd1 Nc5 19. Qxd6 Qxd6 20. Rxd6 Bxc3 21. bxc3 Nxe4 22. Rd7 b5 23. cxb5 Nxc3 24. Rb3 axb5 25. Bd2 Ne4 26. Be3 Nc5 27. Bxc5 Rxc5 28. Rb7 Rd8 29. Rf3 Rf5 30. Rxf5 gxf5 31. Rxb5 Rd1+ 32. Kh2 Rd2 33. Kg1 Rxa2 34. g3 Kg7 35. Kg2 Kf6 36. Rb6 Ra4 37. Kf3 h5 38. h4 f4 39. gxf4 Ra3+ 40. Ke4 Rh3 41. f5 Rxh4+ 42. f4 Rh1 43. fxe6 fxe6 44. Rb5 h4 45. Kf3 Rg1 46. Rh5 Rg3+ 47. Kf2 Ra3 48. Rxh4 Kf5 49. Ke2 Rb3 50. Kf2 Ra3 51. Ke2 Ke4 52. Rh6 Re3+ 53. Kf2 Kxf4 54. Rf6+ Kg5 55. Kxe3 Kxf6 56. Kf4 e5+ 57. Ke4 Ke6 1/2-1/2

[Event "Titled Tuesday intern op 24th Sep Early"]
[Site "Chess.com INT"]
[Date "2024.09.24"]
[Round "4"]
[White "Miszler, Levente"]
[Black "Truskavetsky, Alexandr"]
[Result "1/2-1/2"]
[WhiteElo "2262"]
[BlackElo "2338"]
[PlyCount "71"]
[EventDate "2024.09.24"]
[EventType "swiss (blitz)"]
[EventRounds "11"]
[EventCountry "USA"]
[SourceTitle "EXT 2025"]
[Source "ChessBase"]
[SourceDate "2024.10.14"]
[SourceVersion "1"]
[SourceVersionDate "2024.10.14"]
[SourceQuality "1"]

1. d4 Nf6 2. Nf3 g6 3. g3 Bg7 4. Bg2 0-0 5. 0-0 d6 6. Nbd2 Nc6 7. e4 e5 8. c3 exd4 9. cxd4 d5 10. exd5 Nxd5 11. Nc4 Bg4 12. Nce5 Bxe5 13. dxe5 Nxe5 14. Bh6 Re8 15. Qb3 Nxf3+ 16. Bxf3 Bxf3 17. Qxf3 c6 18. Rad1 Qf6 19. Qxf6 Nxf6 20. Bg5 Nd5 21. Rd2 f5 22. Rfd1 Kf7 23. Kg2 Re5 24. Bf4 Re7 25. Bd6 Re6 26. Bf4 Rae8 27. Kf3 Re4 28. a3 a5 29. Rxd5 cxd5 30. Rxd5 a4 31. Rb5 R8e7 32. Bd6 Rd7 33. Bb4 Rc4 34. Ra5 Rc2 35. Bc3 Rd3+ 36. Kg2 1/2-1/2

[Event "Titled Tuesday intern op 06th Aug Late"]
[Site "Chess.com INT"]
[Date "2024.08.06"]
[Round "8"]
[White "Truskavetsky, Alexandr"]
[Black "Drozdowski, Kacper"]
[Result "0-1"]
[WhiteElo "2338"]
[BlackElo "2450"]
[PlyCount "24"]
[EventDate "2024.08.06"]
[EventType "swiss (blitz)"]
[EventRounds "11"]
[EventCountry "USA"]
[SourceTitle "EXT 2025"]
[Source "ChessBase"]
[SourceDate "2024.10.14"]
[SourceVersion "1"]
[SourceVersionDate "2024.10.14"]
[SourceQuality "1"]

1. d4 Nf6 2. c4 e6 3. Nc3 Bb4 4. e3 0-0 5. Bd3 c5 6. Nge2 Nc6 7. 0-0 d5 8. a3 Bxc3 9. bxc3 dxc4 10. Bxc4 e5 11. Bb2 Na5 12. Ra2 Nxc4 0-1

[Event "Titled Tuesday intern op 09th Jul Late"]
[Site "Chess.com INT"]
[Date "2024.07.09"]
[Round "11"]
[White "Asish, Panda"]
[Black "Truskavetsky, Alexandr"]
[Result "1/2-1/2"]
[WhiteElo "1911"]
[BlackElo "2338"]
[PlyCount "157"]
[EventDate "2024.07.09"]
[EventType "swiss (blitz)"]
[EventRounds "11"]
[EventCountry "USA"]
[SourceTitle "EXT 2025"]
[Source "ChessBase"]
[SourceDate "2024.10.14"]
[SourceVersion "1"]
[SourceVersionDate "2024.10.14"]
[SourceQuality "1"]

1. e4 c5 2. Nf3 Nc6 3. Bb5 g6 4. c3 Bg7 5. 0-0 Nf6 6. Re1 0-0 7. d4 cxd4 8. cxd4 d6 9. Nc3 Bg4 10. Be3 a6 11. Bxc6 bxc6 12. h3 Be6 13. Qd2 d5 14. e5 Ne4 15. Nxe4 dxe4 16. Ng5 Bd5 17. Bf4 Qb6 18. Nxe4 Bxe4 19. Rxe4 Rfd8 20. Be3 Rd5 21. Qc2 a5 22. Rc1 Rc8 23. b3 Qb4 24. Bd2 Qb7 25. Qc4 h5 26. Re2 Qd7 27. Be3 f6 28. exf6 Bxf6 29. a3 Kg7 30. b4 axb4 31. axb4 Qd6 32. b5 Rxb5 33. Qxb5 cxb5 34. Rxc8 b4 35. Rc1 b3 36. Rb1 e5 37. d5 e4 38. Rxb3 Qxd5 39. Rb1 Bc3 40. Rc1 Be5 41. Rec2 Bb8 42. Rc5 Qd6 43. g3 Qe6 44. Rc8 Be5 45. h4 Qg4 46. R8c5 Bxg3 47. Rg5 Bxf2+ 48. Kxf2 Qf3+ 49. Ke1 Qxe3+ 50. Kd1 Qd3+ 51. Ke1 e3 52. Rd1 Qe4 53. Ke2 Qxh4 54. Rg2 Qe4 55. Rdg1 Kh6 56. Rxg6+ Qxg6 57. Rxg6+ Kxg6 58. Kxe3 Kg5 59. Kf2 Kh4 60. Kg1 Kg3 61. Kh1 Kh3 62. Kg1 Kg3 63. Kh1 h4 64. Kg1 Kh3 65. Kh1 Kg3 66. Kg1 Kf3 67. Kh2 Kg4 68. Kg2 Kg5 69. Kh3 Kh5 70. Kh2 Kg5 71. Kh1 Kh6 72. Kg1 Kh5 73. Kh1 h3 74. Kh2 Kh4 75. Kh1 Kg3 76. Kg1 Kf3 77. Kh1 Ke4 78. Kh2 Kd4 79. Kxh3 1/2-1/2

[Event "Titled Tuesday intern op 09th Jul Late"]
[Site "Chess.com INT"]
[Date "2024.07.09"]
[Round "2"]
[White "Sultanbek, Zeinep"]
[Black "Truskavetsky, Alexandr"]
[Result "0-1"]
[WhiteElo "2122"]
[BlackElo "2338"]
[PlyCount "70"]
[EventDate "2024.07.09"]
[EventType "swiss (blitz)"]
[EventRounds "11"]
[EventCountry "USA"]
[SourceTitle "EXT 2025"]
[Source "ChessBase"]
[SourceDate "2024.10.14"]
[SourceVersion "1"]
[SourceVersionDate "2024.10.14"]
[SourceQuality "1"]

1. Nf3 Nf6 2. c4 g6 3. b4 Bg7 4. Bb2 0-0 5. g3 d6 6. Bg2 e5 7. d3 Nc6 8. b5 Ne7 9. 0-0 h6 10. Nbd2 Nd7 11. Re1 a5 12. a4 Rb8 13. Qc2 b6 14. e4 Nc5 15. d4 exd4 16. Bxd4 g5 17. Bxg7 Kxg7 18. Qc3+ f6 19. Nd4 Bd7 20. Nf1 Ne6 21. Ne3 Nxd4 22. Qxd4 Ng6 23. Rf1 g4 24. f3 gxf3 25. Bxf3 Ne5 26. Bh5 Be6 27. Rf2 c6 28. Rd1 cxb5 29. cxb5 Bh3 30. g4 Qd7 31. Nf5+ Kh8 32. Nxh6 Rg8 33. Qe3 Bxg4 34. Bxg4 Nxg4 35. Qh3 Nxh6+ 0-1

[Event "Titled Tuesday intern op 09th Jul Late"]
[Site "Chess.com INT"]
[Date "2024.07.09"]
[Round "3"]
[White "Truskavetsky, Alexandr"]
[Black "Reprintsev, Alexander"]
[Result "1-0"]
[WhiteElo "2338"]
[BlackElo "2230"]
[PlyCount "33"]
[EventDate "2024.07.09"]
[EventType "swiss (blitz)"]
[EventRounds "11"]
[EventCountry "USA"]
[SourceTitle "EXT 2025"]
[Source "ChessBase"]
[SourceDate "2024.10.14"]
[SourceVersion "1"]
[SourceVersionDate "2024.10.14"]
[SourceQuality "1"]

1. d4 d5 2. c4 e5 3. dxe5 d4 4. Nf3 Nc6 5. a3 g6 6. b4 Bg7 7. Bb2 Nh6 8. Nbd2 Nf5 9. g3 Nxe5 10. Nxe5 Bxe5 11. Bg2 0-0 12. 0-0 c6 13. Nf3 Bg7 14. Qd3 a5 15. Rfd1 axb4 16. axb4 Re8 17. Rxa8 1-0

[Event "Titled Tuesday intern op 21st May Early"]
[Site "Chess.com INT"]
[Date "2024.05.21"]
[Round "5"]
[White "Pesotskiy, Mikhail"]
[Black "Truskavetsky, Alexandr"]
[Result "0-1"]
[WhiteElo "2137"]
[BlackElo "2327"]
[PlyCount "86"]
[EventDate "2024.05.21"]
[EventType "swiss (blitz)"]
[EventRounds "11"]
[EventCountry "USA"]
[SourceTitle "CBM 220 Extra"]
[Source "ChessBase"]
[SourceDate "2024.07.31"]
[SourceVersion "1"]
[SourceVersionDate "2024.07.31"]
[SourceQuality "1"]

1. d4 Nf6 2. c4 e6 3. Nc3 Bb4 4. Qc2 Bxc3+ 5. Qxc3 0-0 6. Bg5 h6 7. Bh4 d5 8. e3 b6 9. cxd5 exd5 10. Nf3 g5 11. Bg3 c5 12. Bd3 Ba6 13. Bxa6 Nxa6 14. 0-0 Ne4 15. Qa3 Nc7 16. Rac1 Ne6 17. Rfd1 c4 18. Nd2 Nxd2 19. Rxd2 b5 20. f3 f5 21. Be5 a5 22. Qd6 Qxd6 23. Bxd6 Rfe8 24. Re1 Nd8 25. e4 Nf7 26. Bc5 Re6 27. Rde2 Rae8 28. e5 Rc8 29. g4 f4 30. Kf2 Kg7 31. h3 Nd8 32. a4 b4 33. h4 Nb7 34. hxg5 hxg5 35. Bd6 Rh8 36. Kg2 Reh6 37. Rf2 Nxd6 38. exd6 Rh2+ 39. Kf1 Rh1+ 40. Ke2 Re8+ 41. Kd2 Rexe1 42. d7 Rd1+ 43. Kc2 b3+ 0-1

[Event "Titled Tuesday intern op 21st May Early"]
[Site "Chess.com INT"]
[Date "2024.05.21"]
[Round "2"]
[White "Truskavetsky, Alexandr"]
[Black "Soraas, Torben"]
[Result "1-0"]
[WhiteElo "2327"]
[BlackElo "2112"]
[PlyCount "83"]
[EventDate "2024.05.21"]
[EventType "swiss (blitz)"]
[EventRounds "11"]
[EventCountry "USA"]
[SourceTitle "CBM 220 Extra"]
[Source "ChessBase"]
[SourceDate "2024.07.31"]
[SourceVersion "1"]
[SourceVersionDate "2024.07.31"]
[SourceQuality "1"]

1. d4 Nf6 2. c4 c5 3. d5 b5 4. Nd2 b4 5. a3 a5 6. e4 d6 7. f4 Nbd7 8. Ngf3 g6 9. Bd3 Bg7 10. 0-0 0-0 11. Re1 e5 12. fxe5 Ng4 13. exd6 Nde5 14. Nxe5 Nxe5 15. Be2 Qxd6 16. axb4 cxb4 17. Nb3 Nd7 18. Be3 Bxb2 19. Rxa5 Rxa5 20. Nxa5 Bc3 21. Rf1 Nc5 22. Bd3 Re8 23. Qf3 f5 24. Bc2 Nxe4 25. Nb3 Ba6 26. Bd3 Be5 27. h4 Ng3 28. Rc1 Qf6 29. Bg5 Qg7 30. c5 h6 31. Bxa6 hxg5 32. hxg5 Qh8 33. d6 Qh1+ 34. Kf2 Qh4 35. Qd5+ Kh8 36. Qf3 Ne4+ 37. Ke2 Qxg5 38. Rh1+ Kg7 39. Rh3 Nc3+ 40. Kd3 Bf4 41. Qb7+ Kf8 42. Rh8# 1-0

[Event "RUS-chT 31th"]
[Site "Sochi"]
[Date "2024.05.06"]
[Round "5.26"]
[White "Remizov, Yaroslav"]
[Black "Truskavetsky, Alexandr"]
[Result "1-0"]
[WhiteElo "2443"]
[BlackElo "2328"]
[PlyCount "105"]
[EventDate "2024.05.01"]
[EventType "team-tourn"]
[EventRounds "9"]
[EventCountry "RUS"]
[SourceTitle "CBM 220 Extra"]
[Source "ChessBase"]
[SourceDate "2024.07.31"]
[SourceVersion "1"]
[SourceVersionDate "2024.07.31"]
[SourceQuality "1"]
[WhiteTeam "Moscow Temus"]
[BlackTeam "Kimmeriya"]
[WhiteTeamCountry "RUS"]
[BlackTeamCountry "RUS"]

1. e4 c5 2. Nf3 d6 3. d4 cxd4 4. Nxd4 Nf6 5. Nc3 Nc6 6. Bg5 e6 7. Qd2 a6 8. 0-0-0 Bd7 9. f3 Nxd4 10. Qxd4 Be7 11. h4 Qc7 12. h5 h6 13. Bh4 b5 14. g4 b4 15. Qxb4 d5 16. Qd4 Bc5 17. Qd2 Rb8 18. Kb1 Ba3 19. b3 Bb4 20. Be1 dxe4 21. a3 Bxa3 22. g5 hxg5 23. Qxg5 Be7 24. Qxg7 Rg8 25. h6 Rxg7 26. hxg7 Bf8 27. Rh8 Ke7 28. Nd5+ exd5 29. Bb4+ Ke6 30. gxf8Q Rxf8 31. Rxf8 Qg3 32. fxe4 Nxe4 33. Bxa6 f5 34. Bd3 Qc7 35. Rh1 Ke5 36. Rf7 Qb6 37. Be1 Be6 38. Re7 Kf6 39. Rxe6+ Kxe6 40. Bxe4 Qe3 41. Bd3 f4 42. Bc3 Kd7 43. Rh5 Kc6 44. b4 f3 45. b5+ Kd6 46. Rf5 f2 47. Kb2 Qe1 48. b6 d4 49. Ba5 Kc6 50. Bb5+ Kb7 51. Rf7+ Kb8 52. Bc6 f1Q 53. Bxe1 1-0

[Event "RUS-chT 31th"]
[Site "Sochi"]
[Date "2024.05.03"]
[Round "3.26"]
[White "Truskavetsky, Alexandr"]
[Black "Dubov, Daniil"]
[Result "0-1"]
[WhiteElo "2328"]
[BlackElo "2707"]
[PlyCount "80"]
[EventDate "2024.05.01"]
[EventType "team-tourn"]
[EventRounds "9"]
[EventCountry "RUS"]
[SourceTitle "CBM 220 Extra"]
[Source "ChessBase"]
[SourceDate "2024.07.31"]
[SourceVersion "1"]
[SourceVersionDate "2024.07.31"]
[SourceQuality "1"]
[WhiteTeam "Kimmeriya"]
[BlackTeam "Moscow KPRF"]
[WhiteTeamCountry "RUS"]
[BlackTeamCountry "RUS"]

1. d4 Nf6 2. c4 g6 3. Nc3 Bg7 4. e4 d6 5. h3 Nbd7 6. Be3 e5 7. d5 h5 8. Qd2 Nc5 9. f3 a5 10. h4 Bd7 11. 0-0-0 a4 12. Nh3 Ng8 13. g3 Bh6 14. f4 Nf6 15. Nf2 Qe7 16. Bg2 Ng4 17. Nxg4 Bxg4 18. Rdf1 f5 19. exf5 Bxf5 20. Bxc5 dxc5 21. Re1 0-0 22. Rxe5 Qxe5 23. fxe5 Bxd2+ 24. Kxd2 Rae8 25. Re1 Bg4 26. Bh1 Rf2+ 27. Ke3 Rxb2 28. e6 Bxe6 29. dxe6 Rxe6+ 30. Be4 a3 31. Rd1 Rc2 32. Rd3 c6 33. Kf4 Rf2+ 34. Kg5 Kg7 35. Rd7+ Rf7 36. Rxf7+ Kxf7 37. Bc2 Re3 38. Bxg6+ Kg7 39. Ne4 Re2 40. Nc3 Rg2 0-1